| 000 | 01868nam a2200433 c 4500 | ||
|---|---|---|---|
| 001 | 22816 | ||
| 003 | ES-MaCES | ||
| 005 | 20150929135510.0 | ||
| 008 | 100205s2009 lu d t m000 | eng d | ||
| 020 | _a9789279124358 | ||
| 035 | _aCES20100000673m | ||
| 040 |
_aES-MaCES _bspa _cES-MaCES |
||
| 041 | 0 |
_aeng _afre _ager |
|
| 245 | 0 | 0 |
_aGender segregation in the labour market _b: root causes, implications and policy responses in the EU _cEuropean Commission's Expert Group on Gender and Employment (EGGE) ; the national experts and co-authors, Ingrid Mairhuber ... [et al.] ; Francesca Bettio and Alina Verashchagina |
| 260 |
_aLuxembourg _bOffice for Official Publications of the European Communities _c2009 |
||
| 300 |
_a111 p. _bgráf. col. _c30 cm |
||
| 500 | _aResumen en inglés, francés y alemán | ||
| 500 | _aEn la port.: Directorate-General for Employment, Social Affairs and Equal Opportunities | ||
| 504 | _aBibliografía: p. 106-111 | ||
| 541 | _cGratuito | ||
| 650 | 4 |
_amujeres _928657 |
|
| 650 | 4 |
_atrabajadora _928413 |
|
| 650 | 4 |
_asegmentación del mercado de trabajo _929566 |
|
| 650 | 4 |
_adiscriminación por razones de sexo _929521 |
|
| 650 | 4 |
_aigualdad de oportunidades en el empleo _930649 |
|
| 650 | 4 |
_apolítica comunitaria _930776 |
|
| 650 | 4 |
_aestudio de casos _928846 |
|
| 653 | 1 | 0 | _aEmpleo |
| 650 | 4 |
_929020 _apaís de la UE |
|
| 650 | 4 |
_926752 _aUE |
|
| 700 | 1 |
_aMairhuber, Ingrid _917317 |
|
| 700 | 1 |
_aBettio, Francesca _97705 |
|
| 700 | 1 |
_aVerashchagina, Alina _925716 |
|
| 710 | 2 |
_aComisión de las Comunidades Europeas _bExpert Group on Gender and Employment Issues _92081 |
|
| 710 | 2 |
_aComisión de las Comunidades Europeas _bDirección General de Empleo, Asuntos Sociales e Igualdad de Oportunidades _92036 |
|
| 902 | _aLIB Libro | ||
| 942 |
_2CES _cBK _h2.1. |
||
| 999 |
_c22816 _d22816 |
||